Jesse Owens / by William R. Sanford & Carl R. Green.
A biography of the noted black track star, whose record-breaking performances in college and in the 1936 Berlin Olympics assured him a place in sports history.
Record details
- ISBN: 0896867420
- Physical Description: 48 pages : illustrations ; 23 cm.
- Edition: 1st edition
- Publisher: New York : Crestwood House ; c1992.
Content descriptions
| Bibliography, etc. Note: | Includes bibliographical references (p. 45) and index. |
Search for related items by subject
Search for related items by series
| LDR | 01450cam a2200337 a 4500 | ||
|---|---|---|---|
| 001 | 125000 | ||
| 003 | CONS | ||
| 005 | 20140703073302.0 | ||
| 008 | 910716s1992 nyua j b 001 0beng d | ||
| 010 | . | ‡a 91027185 /AC | |
| 020 | . | ‡a0896867420 | |
| 035 | . | ‡a(CPomAG)LMN490272 | |
| 043 | . | ‡an-us--- | |
| 050 | 0 | 0. | ‡aGV697.O9 ‡bS264 1992 |
| 082 | 0 | 0. | ‡a796.42/092 ‡aB ‡220 |
| 100 | 1 | . | ‡aSanford, William R. ‡q(William Reynolds), ‡d1927- |
| 245 | 1 | 0. | ‡aJesse Owens / ‡cby William R. Sanford & Carl R. Green. |
| 250 | . | ‡a1st edition | |
| 260 | . | ‡aNew York : ‡bCrestwood House ; ‡aToronto : ‡bMaxwell Macmillan Canada ; ‡aNew York : ‡bMaxwell Macmillan International, ‡cc1992. | |
| 300 | . | ‡a48 pages : ‡billustrations ; ‡c23 cm. | |
| 440 | 0. | ‡aSports immortals | |
| 504 | . | ‡aIncludes bibliographical references (p. 45) and index. | |
| 520 | . | ‡aA biography of the noted black track star, whose record-breaking performances in college and in the 1936 Berlin Olympics assured him a place in sports history. | |
| 600 | 1 | 0. | ‡aOwens, Jesse, ‡d1913- ‡vJuvenile literature. |
| 650 | 0. | ‡aTrack and field athletes ‡zUnited States ‡vBiography ‡vJuvenile literature. | |
| 600 | 1 | 1. | ‡aOwens, Jesse, ‡d1913- |
| 650 | 1. | ‡aTrack and field athletes. | |
| 650 | 1. | ‡aAfrican Americans ‡vBiography. | |
| 700 | 1 | . | ‡aGreen, Carl R. |
| 959 | . | ‡i32269000521131 ‡lJ 796.42 San ‡aJuvenile - NonFiction ‡tJuv Nonfiction ‡g11.95 | |
| 852 | . | ‡p32269000521131 ‡jJ 796.42 San ‡gJuvenile - NonFiction ‡cJuv Nonfiction ‡y11.95 ‡bSBPL | |
| 901 | . | ‡a125000 ‡bUnknown ‡c125000 ‡tbiblio | |